000 00433nam a2200181Ia 4500
001 12810
005 20260306163008.0
008 260306t2003||||xx |||||||||||||| ||spa||
041 _aESP
082 _aRD 340.03
_bG23
100 _aGarcía Calderón, Francisco
_eAUT
245 0 _aDiccionario de la legislacion peruana
260 _c2003
300 _a
_c30 cm.
650 _aGEN
654 _aCDE
942 _cDIC
_dJUS
_fJUS
_2ddc
_n
999 _c12810
_d12810